Ülést tartott Szegeden a megyei képviselőcsoport [fényképpel] /
Elmentve itt :
| Szerző: | |
|---|---|
| Dokumentumtípus: | Cikk |
| Megjelent: |
1963-11-17
|
| Sorozat: | Délmagyarország
53 No. 269 |
| Kulcsszavak: | Apró Antal, Katona Sándor, Csongrád megyei Tanács ülés 1963, választások |
| Online Access: | http://dmarchiv.bibl.u-szeged.hu/72124 |
| LEADER | 00599nab a2200157 i 4500 | ||
|---|---|---|---|
| 001 | delm72124 | ||
| 005 | 20180928082422.0 | ||
| 008 | 180928s1963 hu o 0|| hun d | ||
| 040 | |a SZTE Délmagyarország Archívum |b hun | ||
| 041 | |a hun | ||
| 100 | 2 | |a Somogyi Károlyné Neurohr Magdolna | |
| 245 | 1 | 0 | |a Ülést tartott Szegeden a megyei képviselőcsoport |h [elektronikus dokumentum] : |b [fényképpel] / |c Somogyi Károlyné Neurohr Magdolna |
| 260 | |c 1963-11-17 | ||
| 300 | |a 1 | ||
| 490 | 0 | |a Délmagyarország |v 53 No. 269 | |
| 695 | |a Apró Antal, Katona Sándor, Csongrád megyei Tanács ülés 1963, választások | ||